सहजप्रकाश हिंदी दोहा चौपाई. (Record no. 1352880)

MARC details
000 -LEADER
fixed length control field 01226nam a2200181Ia 4500
008 - FIXED-LENGTH DATA ELEMENTS--GENERAL INFORMATION
fixed length control field 151202s9999||||xx |||||||||||||| ||und||
082 ## - DEWEY DECIMAL CLASSIFICATION NUMBER
Item number PNVM-122751
100 ## - MAIN ENTRY--PERSONAL NAME
Personal name "सहजोबाई/संपा-सेंगई,ईटौसे,हरनारायण,प्यारेलाल,सरदारसिंह,हरलाल,शिवनारायण."
245 ## - TITLE STATEMENT
Title सहजप्रकाश हिंदी दोहा चौपाई.
260 ## - PUBLICATION, DISTRIBUTION, ETC. (IMPRINT)
Name of publisher, distributor, etc गंगा विष्णु श्रीकृष्णदास कल्याण-बम्बई.
260 ## - PUBLICATION, DISTRIBUTION, ETC. (IMPRINT)
Date of publication, distribution, etc 1937
300 ## - PHYSICAL DESCRIPTION
Extent 112
600 ## - SUBJECT ADDED ENTRY--PERSONAL NAME
Personal name "सहजोबाई/संपा-सेंगई,ईटौसे,हरनारायण,प्यारेलाल,सरदारसिंह,हरलाल,शिवनारायण."
630 ## - SUBJECT ADDED ENTRY--UNIFORM TITLE
Uniform title सहजप्रकाश हिंदी दोहा चौपाई.
700 ## - ADDED ENTRY--PERSONAL NAME
Personal name "सहजोबाई/संपा-सेंगई,ईटौसे,हरनारायण,प्यारेलाल,सरदारसिंह,हरलाल,शिवनारायण."
730 ## - ADDED ENTRY--UNIFORM TITLE
Uniform title सहजप्रकाश हिंदी दोहा चौपाई.
942 ## - ADDED ENTRY ELEMENTS (KOHA)
Koha item type Book
Holdings
Withdrawn status Lost status Damaged status Not for loan Home library Current library Date acquired Cost, normal purchase price Total Checkouts Full call number Barcode Date last seen Cost, replacement price Price effective from Koha item type
        Pune Nagar Vachan Mandir, Pune Pune Nagar Vachan Mandir, Pune 06/21/2015 0.00   PNVM-122751 PNVM-122751 12/02/2015 0.00 12/02/2015 Book